000 00623cam a2200145 4500500
005 20260208002343.0
041 _afre
042 _adc
100 1 0 _aBonte, Pierre
_eauthor
245 0 0 _aÉvelyne Larguèche, ed., Revue des mondes musulmans et de la Méditerranée, 2004, 103-104: L’injure, la société, l’islam: une anthropologie de l’injure, Aix-en-Provence, Édisud, 2004, 359 p., ill., bibl.
260 _c2005.
500 _a98
786 0 _nL'Homme | 175-176 | 3 | 2005-07-01 | p. 475i-572i | 0439-4216
856 4 1 _uhttps://shs.cairn.info/revue-l-homme-2005-3-page-475i?lang=fr&redirect-ssocas=7080
999 _c1645978
_d1645978